[Rezension von: Ansgar Steinhausen, Die Architektur des Klassizismus im Elsaß]
Saved in:
| Published in: | Kunstform 5(2004), 3 |
|---|---|
| Main Author: | |
| Document Type: | Online Resource Article |
| Language: | German |
| Published: |
2004
|
| Subjects: | |
| Online Access: | kostenfrei |
| Related Items: | Enthalten in:
Kunstform Rezension von: Die Architektur des Klassizismus im Elsaß |
| Author Notes: | rezensiert von Klaus Jan Philipp |
| LEADER | 01745caa a2200349 c 4500 | ||
|---|---|---|---|
| 001 | 1919533494 | ||
| 003 | DE-627 | ||
| 005 | 20260419021659.0 | ||
| 007 | cr uuu---uuuuu | ||
| 008 | 250311s2004 xx |||||oo 00| ||ger c | ||
| 035 | |a (DE-627)1919533494 | ||
| 035 | |a (DE-599)KXP1919533494 | ||
| 035 | |a (OCoLC)1533748604 | ||
| 040 | |a DE-627 |b ger |c DE-627 |e rda | ||
| 041 | |a ger | ||
| 084 | |a KUNST |q DE-16 |2 fid | ||
| 100 | 1 | |a Philipp, Klaus Jan |d 1957- |e VerfasserIn |0 (DE-588)115852018 |0 (DE-627)077512537 |0 (DE-576)164624767 |4 aut | |
| 245 | 1 | 0 | |a [Rezension von: Ansgar Steinhausen, Die Architektur des Klassizismus im Elsaß] |c rezensiert von Klaus Jan Philipp |
| 264 | 1 | |c 2004 | |
| 300 | |b Illustrationen | ||
| 336 | |a Text |b txt |2 rdacontent | ||
| 337 | |a Computermedien |b c |2 rdamedia | ||
| 338 | |a Online-Ressource |b cr |2 rdacarrier | ||
| 655 | 7 | |a Rezension |0 (DE-588)4049712-4 |0 (DE-627)106186019 |0 (DE-576)209083166 |2 gnd-content | |
| 773 | 0 | 8 | |i Enthalten in |t Kunstform |d München : Ludwig-Maximilians-Universität München, Institut für Kunstgeschichte, 2000 |g 5(2004), 3 |h Online-Ressource |w (DE-627)382929004 |w (DE-600)2140180-9 |w (DE-576)281244731 |x 1618-7199 |7 nnas |
| 773 | 1 | 8 | |g volume:5 |g year:2004 |g number:3 |
| 787 | 0 | 8 | |i Rezension von |a Steinhausen, Ansgar |t Die Architektur des Klassizismus im Elsaß |d München : Waxmann, 2002 |h 163 S., [20] Bl. |w (DE-627)358520975 |w (DE-576)103463364 |z 9783830910763 |z 3830910762 |
| 856 | 4 | 0 | |u https://www.arthistoricum.net/kunstform/rezension/ausgabe/2004/3/3022 |x Verlag |z kostenfrei |3 Volltext |7 0 |
| 951 | |a AR | ||
| 994 | |u https://www.arthistoricum.net/themen/rezensionen/kunstform/rezension/ausgabe/2004/3/3022 | ||
| 991 | |a Rezension (Monographie, Zeitschrift, Aufsatz) | ||
| 999 | |a KXP-PPN1919533494 |e 4988414582 | ||


